Введение в сексологию

Bibliographic Details
Main Author: Кон И. С. Игорь Семенович
Language:Russian
Published: Москва, Медицина, 1990
Edition:2-е изд., доп.
Subjects:
Format: Book
KOHA link:https://koha.lib.tpu.ru/cgi-bin/koha/opac-detail.pl?biblionumber=20331

MARC

LEADER 00000nam0a2200000 4500
001 20331
005 20231101205342.0
010 |a 5225001297 
035 |a (RuTPU)RU\TPU\book\20510 
035 |a BOOK00020580 
090 |a 20331 
100 |a 20011209d1990 km y0rusy50 ca 
101 0 |a rus 
102 |a RU 
105 |a y z 000zy 
200 1 |a Введение в сексологию  |f И. С. Кон 
205 |a 2-е изд., доп. 
210 |a Москва  |c Медицина  |d 1990 
215 |a 336 с. 
610 1 |a этика 
610 1 |a семья 
610 1 |a брак 
610 1 |a сексология 
686 |a Ю715  |v LBC/SL-A  |2 rubbk 
700 1 |a Кон  |b И. С.  |c российский социолог  |c литератор  |f 1928-  |g Игорь Семенович  |2 stltpush  |3 (RuTPU)RU\TPU\pers\15785  |9 5506 
801 0 |a RU  |b 63413507  |c 20011209  |g PSBO 
801 2 |a RU  |b 63413507  |c 20220912  |g PSBO 
900 |a Этика 
942 |c BK